| 000 | 01030cam a2200289 i 4500 | ||
|---|---|---|---|
| 001 | 18491948 | ||
| 003 | OSt | ||
| 005 | 20240220103422.0 | ||
| 008 | 150213s2016 nyua b 001 0 eng | ||
| 010 | _a 2015002393 | ||
| 020 | _a9780415739030 (hardback : alk. paper) | ||
| 020 | _a9780415739047 (pbk. : alk. paper) | ||
| 020 | _z9781315816944 (ebook) | ||
| 040 |
_aDLC _beng _cDLC _erda _dDLC |
||
| 042 | _apcc | ||
| 050 | 0 | 0 |
_aNA2550 _b.C67 2016 |
| 082 | 0 | 0 |
_a720 _223 _bCOS |
| 100 | 1 |
_aCostanzo, Denise, _eauthor. _9120778 |
|
| 245 | 1 | 0 |
_aWhat architecture means : _bconnecting ideas and design / _cDenise Costanzo. |
| 260 |
_aNew York: _bRoutledge; _c2016. |
||
| 300 |
_ax, 289 pages : _billustrations ; _c24 cm |
||
| 504 | _aIncludes bibliographical references (pages 272-278) and index. | ||
| 650 | 0 |
_aArchitecture. _99565 |
|
| 906 |
_a7 _bcbc _corignew _d1 _eecip _f20 _gy-gencatlg |
||
| 942 |
_2ddc _cBK _aSADA _k720 COS 2016 |
||
| 999 |
_c607882 _d607882 |
||